000 00452nam a22001817a 4500
003 OSt
005 20211229113618.0
008 211229b |||||||| |||| 00| 0 eng d
020 _a0071353461
040 _cHU
082 _a005.133
100 _aHubbard R. John
_926026
245 _aSchaums Outline Of Theory And Problems Programming With C++
250 _a2ed
260 _aMc Graw Hill
_bMc Graw Hill
300 _f422
942 _2ddc
_cBOOKS
_n0
999 _c24938
_d24938